| 000 -LEADER |
| fixed length control field |
00660nam a2200217Ia 4500 |
| 001 - CONTROL NUMBER |
| control field |
18569 |
| 003 - CONTROL NUMBER IDENTIFIER |
| control field |
GE_BSU |
| 008 - FIXED-LENGTH DATA ELEMENTS--GENERAL INFORMATION |
| fixed length control field |
181216s||||||||xx |||||||||||||| ||und|| |
| 020 ## - INTERNATIONAL STANDARD BOOK NUMBER |
| International Standard Book Number |
9780817918057 (pbk.) |
| 040 ## - CATALOGING SOURCE |
| Transcribing agency |
GE_BSU |
| 080 ## - UNIVERSAL DECIMAL CLASSIFICATION NUMBER |
| Universal Decimal Classification number |
327.1 |
| 100 ## - MAIN ENTRY--PERSONAL NAME |
| Personal name |
Shultz, George Pratt, Sidney D. Drell, Henry A. Kissinger, Sam Nunn. |
| 245 ## - TITLE STATEMENT |
| Title |
Nuclear security : the problems and the road ahead |
| 260 ## - PUBLICATION, DISTRIBUTION, ETC. |
| Place of publication, distribution, etc. |
Stanford, California |
| 260 ## - PUBLICATION, DISTRIBUTION, ETC. |
| Name of publisher, distributor, etc. |
Hoover Institution Press |
| 260 ## - PUBLICATION, DISTRIBUTION, ETC. |
| Date of publication, distribution, etc. |
2014 |
| 300 ## - PHYSICAL DESCRIPTION |
| Extent |
viii, 63 pages : illustrations ; 23 cm |
| 653 ## - INDEX TERM--UNCONTROLLED |
| Uncontrolled term |
Nuclear security : the problems and the road ahead |
| 653 ## - INDEX TERM--UNCONTROLLED |
| Uncontrolled term |
პოლიტიკა |
| 942 ## - ADDED ENTRY ELEMENTS (KOHA) |
| Koha item type |
წიგნი |